000 01388nam a2200373 c 4500
999 _c4613
_d4613
003 BLK
005 20200902105113.0
008 180412b bul|||||r ||||||| ||bul||
010 _aKNG00005765000
020 _a954-07-0391-3
040 _aBLK
041 _aENG
_cENG
080 _aОбщи въпроси на езикознанието и литературата. Филология
_b80
_z80
080 _aТеория и техника на превода
_b82`25
_z82`25
100 1 _aIlieva-Baltova, Penka
_eпърви автор
_9248926
139 _aIlieva-Baltova, Penka
_bI 54
245 1 0 _aAspects of applied and contrastive linguistics
_cPenka Ilieva-Baltova.
257 _aBGR
260 _bSt. Kliment Ohridski Univ. Press
_c1994
_aСофия
300 _a112 с.
_bс табл.
_c17 см
380 _a80
500 _aДеп. списък: 4 ; 1 565 тир.
650 4 _aЕзикознание, сравнително
_9244391
650 4 _aПсихолингвистика
_9168321
650 4 _aЧужди езици
_9248927
650 4 _aПревод
_9167529
653 _aприложна лингвистика
653 _aконтрастивна лингвистика
852 _aЦб І 27465
_bЦб
856 4 _qpdf
_u
856 4 _qpdf
_u
942 _cKNG
_n0
_s1
944 _aCR
_c15.01.2003
_kТеодора_Стоянова
944 _aED
_c24.02.2014
999 _d4613